000 00317nam a2200121Ia 4500
008 230917s9999||||xx |||||||||||||| ||und||
040 _e144873
_aMAIN
041 _aEnglish
082 _a362.20973 H815I
100 _aHoupt, Jeffey
245 0 _aImportance of mental healh services to general health care
942 _cBK
999 _c47287
_d47287